[Event "14th EUR-ch"]
[Site "Legnica POL"]
[Date "2013.05.06"]
[Round "2"]
[White "Gajewski, Grzegorz"]
[Black "Shengelia, David"]
[Result "0-1"]
[WhiteElo "2653"]
[BlackElo "2546"]
[EventDate "2013.05.05"]
[PlyCount "77"]

1.d4 Nf6 2.c4 e6 3.Nc3 Bb4 4.e3 b6 5.Ne2 Ba6 6.a3 Be7 7.Nf4 d5 8.cxd5 Bxf1
9.dxe6 Ba6 10.exf7+ Kxf7 11.Qb3+ Ke8 12.Ne6 Qd7 13.e4 Nc6 14.Nxg7+ Kd8 15.
Ne6+ Kc8 16.d5 Ne5 17.Nf4 Rg8 18.Be3 Nfg4 19.O-O-O Nxe3 20.fxe3 Bc5 21.
Rhe1 Bc4 22.Qc2 a5 23.Na4 Bd6 24.b3 Bxa3+ 25.Kd2 Bb4+ 26.Kc1 Bxe1 27.Rxe1 
Qb5 28.bxc4 Qxc4 29.Qxc4 Nxc4 30.Kc2 Kd7 31.Kc3 Ne5 32.Rb1 Rab8 33.Rb5 
Rbe8 34.Kd4 Nf7 35.Nc3 Rg5 36.h4 Rge5 37.Nd3 Rh5 38.g3 Nd6 39.e5 0-1

[Event "14th EUR-ch"]
[Site "Legnica POL"]
[Date "2013.05.06"]
[Round "2"]
[White "Stocek, Jiri"]
[Black "Mamedov, Rauf"]
[Result "0-1"]
[WhiteElo "2549"]
[BlackElo "2649"]
[EventDate "2013.05.05"]
[PlyCount "66"]

1.c4 g6 2.d4 Bg7 3.Nc3 d6 4.e4 Nf6 5.Bd3 Nc6 6.d5 Ne5 7.Nf3 Nxd3+ 8.Qxd3 
O-O 9.O-O e6 10.dxe6 Bxe6 11.Re1 Nd7 12.Be3 Bg4 13.Nd2 Ne5 14.Qc2 Be6 15.
Ne2 c5 16.h3 f5 17.Rad1 Qe7 18.Nf4 Rae8 19.Nxe6 Qxe6 20.exf5 Qxf5 21.Qb3 
b6 22.Nf1 Qf7 23.Rc1 d5 24.cxd5 c4 25.Qc2 Nd3 26.Red1 Nxc1 27.Bxc1 b5 28.
Ne3 Rd8 29.f3 Rfe8 30.Kh1 h5 31.Qf2 Bh6 32.d6 Re6 33.a4 a6 0-1

[Event "14th EUR-ch"]
[Site "Legnica POL"]
[Date "2013.05.06"]
[Round "2"]
[White "Balogh, Csaba"]
[Black "Mirzoev, Azer"]
[Result "1/2-1/2"]
[WhiteElo "2644"]
[BlackElo "2543"]
[EventDate "2013.05.05"]
[PlyCount "105"]

1.e4 e5 2.Nf3 Nc6 3.Bb5 a6 4.Ba4 d6 5.O-O Bd7 6.c3 g6 7.d4 Bg7 8.d5 Nce7 
9.c4 Nf6 10.Nc3 O-O 11.Bxd7 Qxd7 12.c5 h6 13.Qb3 c6 14.dxc6 Qxc6 15.cxd6 
Qxd6 16.Rd1 Qc7 17.Be3 Rac8 18.Bb6 Qb8 19.Rd3 Rfe8 20.Rad1 Nc6 21.h3 Re6 
22.a3 Bf8 23.R3d2 Kg7 24.Nh2 Rd6 25.Ng4 Nxg4 26.hxg4 Rxd2 27.Rxd2 Re8 28.
Nd5 Qc8 29.Qf3 Re6 30.Be3 g5 31.Qd1 Bd6 32.Nb6 Qf8 33.Nc4 Bc5 34.Rd7 b5 
35.Qd5 Be7 36.Nd2 Qc8 37.Nf1 Nb8 38.Rb7 Nc6 39.Qd7 Qxd7 40.Rxd7 Rd6 41.Rb7
Re6 42.Ng3 Kg6 43.Nf5 Bf6 44.Bc5 Nd4 45.Bd6 h5 46.gxh5+ Kxh5 47.Rb6 a5 48.
f3 Kg6 49.Rb7 Nxf5 50.exf5+ Kxf5 51.Bb8 e4 52.Rxb5+ Kg6 53.fxe4 1/2-1/2

[Event "14th EUR-ch"]
[Site "Legnica POL"]
[Date "2013.05.06"]
[Round "2"]
[White "Lysyi, Igor"]
[Black "Pap, Gyula"]
[Result "1-0"]
[WhiteElo "2641"]
[BlackElo "2539"]
[EventDate "2013.05.05"]
[PlyCount "118"]

1.d4 Nf6 2.c4 g6 3.Nc3 d5 4.Nf3 Bg7 5.Qb3 dxc4 6.Qxc4 O-O 7.Bf4 c6 8.e4 
Qa5 9.b4 Qd8 10.Rd1 Be6 11.Qe2 a5 12.b5 a4 13.bxc6 bxc6 14.Qc2 Qa5 15.Bd2 
Qa7 16.Be2 Bg4 17.Be3 Nbd7 18.O-O Qa5 19.h3 Bxf3 20.Bxf3 a3 21.Rb1 Nb6 22.
Ne2 Rfc8 23.Rfc1 Nfd7 24.e5 Qa6 25.e6 fxe6 26.Qe4 Nf8 27.Rxc6 Rxc6 28.Qxc6
Nd5 29.Bxd5 exd5 30.Qxd5+ e6 31.Qe4 Rc8 32.Nf4 Qc6 33.Qxc6 Rxc6 34.Rb3 Rc4
35.Rxa3 Bxd4 36.Bxd4 Rxd4 37.g3 g5 38.Ne2 Rd2 39.Nc3 Rd4 40.Ra4 e5 41.Rxd4
exd4 42.Ne4 Ne6 43.a4 h6 44.Kf1 Kf7 45.Ke2 Ke7 46.Kd3 Kd7 47.Kc4 Kc6 48.
Nd2 Nc5 49.Kxd4 Nxa4 50.Ne4 Nb2 51.Ke5 Nd3+ 52.Kf5 Kd5 53.Nc3+ Kc4 54.Nd1 
Ne1 55.Kg6 Kd3 56.Kxh6 Nf3 57.Kh5 Ke2 58.Kg4 Ng1 59.Nc3+ Kxf2 1-0

[Event "14th EUR-ch"]
[Site "Legnica POL"]
[Date "2013.05.06"]
[Round "2"]
[White "Cyborowski, Lukasz"]
[Black "Romanov, Evgeny"]
[Result "0-1"]
[WhiteElo "2543"]
[BlackElo "2640"]
[EventDate "2013.05.05"]
[PlyCount "55"]

1.Nf3 d5 2.d4 Nf6 3.c4 dxc4 4.e3 b5 5.a4 b4 6.Bxc4 e6 7.O-O Be7 8.Qe2 O-O 
9.Nbd2 Nbd7 10.Nb3 c5 11.a5 Bb7 12.a6 Be4 13.Nfd2 Bg6 14.dxc5 Bxc5 15.f3 
Bb6 16.Kh1 Ne5 17.Bb5 Bc2 18.f4 Neg4 19.Rf3 Nd5 20.Bc6 Rc8 21.Bb7 Rc7 22.
e4 Nde3 23.Qe1 Bd1 24.Ra4 Bxf3 25.gxf3 Nc2 26.Qg3 Nf2+ 27.Kg2 Ne1+ 28.Kf1 
0-1

[Event "14th EUR-ch"]
[Site "Legnica POL"]
[Date "2013.05.06"]
[Round "2"]
[White "Shimanov, Alexander"]
[Black "Prizant, Jaroslav"]
[Result "1-0"]
[WhiteElo "2639"]
[BlackElo "2537"]
[EventDate "2013.05.05"]
[PlyCount "87"]

1.Nf3 Nf6 2.c4 g6 3.g3 Bg7 4.Bg2 O-O 5.O-O d6 6.d4 Nc6 7.Nc3 Rb8 8.h3 Bf5 
9.b3 Ne4 10.Bb2 Nxc3 11.Bxc3 Be4 12.Qd2 d5 13.Rfd1 e6 14.Rac1 Ne7 15.Bb4 
Re8 16.Qf4 Nc6 17.Bc3 Qe7 18.b4 Qf6 19.Qxf6 Bxf6 20.cxd5 Bxd5 21.a3 Red8 
22.e3 Ne7 23.Nd2 Bxg2 24.Kxg2 Nd5 25.Bb2 c6 26.Nb3 Nb6 27.Kf3 Nc8 28.e4 
Bg7 29.Nc5 Nd6 30.g4 Nc8 31.g5 Ne7 32.Nb3 Rd7 33.h4 h5 34.Rc2 b6 35.a4 e5 
36.Rcd2 exd4 37.Nxd4 c5 38.Nf5 Nxf5 39.Rxd7 Nxh4+ 40.Kg3 Bxb2 41.Rd8+ Rxd8
42.Rxd8+ Kg7 43.bxc5 bxc5 44.Kxh4 1-0

[Event "14th EUR-ch"]
[Site "Legnica POL"]
[Date "2013.05.06"]
[Round "2"]
[White "Yilmaz, Mustafa"]
[Black "Rodshtein, Maxim"]
[Result "1-0"]
[WhiteElo "2537"]
[BlackElo "2638"]
[EventDate "2013.05.05"]
[PlyCount "113"]

1.Nf3 Nf6 2.c4 c5 3.g3 Nc6 4.Bg2 d5 5.cxd5 Nxd5 6.Nc3 Nc7 7.O-O e5 8.d3 
Be7 9.Nd2 Bd7 10.Nc4 f6 11.f4 b5 12.Ne3 exf4 13.Rxf4 O-O 14.Nf5 Rc8 15.a4 
a6 16.axb5 axb5 17.Rf2 Kh8 18.Nxe7 Qxe7 19.Bf4 Ne5 20.Ra7 Qe6 21.Qa1 b4 
22.Ne4 Nb5 23.Bxe5 Nxa7 24.Bd6 Nb5 25.Bxf8 Rxf8 26.Nxc5 Qd6 27.Nxd7 Qxd7 
28.Qa4 Rb8 29.Qxb4 Qa7 30.Qf4 Re8 31.Be4 Nd4 32.e3 Ne6 33.Qf5 Ng5 34.Bc6 
Rb8 35.d4 Qc7 36.Qd7 Nh3+ 37.Qxh3 Qxc6 38.Qf1 Qe4 39.Re2 h6 40.h3 Rb3 41.
Qf2 Kh7 42.Kh2 Rb5 43.Qg2 Qd3 44.Re1 Rb3 45.g4 Kh8 46.Re2 Rb5 47.Qf2 Qe4 
48.Kg3 Rb3 49.Qf3 Qb1 50.Qa8+ Kh7 51.Qg2 Kh8 52.Qf2 Qe4 53.Kh2 Rb5 54.Rc2 
f5 55.gxf5 Rxf5 56.Rc8+ Kh7 57.Qc2 1-0

[Event "14th EUR-ch"]
[Site "Legnica POL"]
[Date "2013.05.06"]
[Round "2"]
[White "Postny, Evgeny"]
[Black "Zoler, Dan"]
[Result "1-0"]
[WhiteElo "2637"]
[BlackElo "2533"]
[EventDate "2013.05.05"]
[PlyCount "83"]

1.d4 Nf6 2.c4 e5 3.dxe5 Ng4 4.Nf3 Bc5 5.e3 Nc6 6.Be2 O-O 7.Nc3 Ngxe5 8.
Nxe5 Nxe5 9.O-O Re8 10.b3 a5 11.Na4 Ba7 12.Kh1 d6 13.Nc3 f5 14.Bb2 Bd7 15.
Nd5 Re6 16.Nf4 Re7 17.Qc2 c6 18.Rad1 Bc5 19.Nh5 Qb6 20.f4 Ng6 21.e4 Rf8 
22.Bd3 Nh4 23.exf5 Bxf5 24.Nf6+ Rxf6 25.Bxf6 Bxd3 26.Qxd3 Re3 27.Bxh4 Rxd3
28.Rxd3 Bd4 29.f5 Kf7 30.f6 gxf6 31.Bxf6 Bxf6 32.Rxd6 a4 33.Rdxf6+ Ke7 34.
R6f3 Kd6 35.Rd3+ Kc5 36.Rf5+ Kb4 37.c5 Qc7 38.Rd4+ Kb5 39.bxa4+ Ka6 40.Rf8
b5 41.Ra8+ Kb7 42.Rad8 1-0

[Event "14th EUR-ch"]
[Site "Legnica POL"]
[Date "2013.05.06"]
[Round "2"]
[White "Gabuzian, Hovhannes"]
[Black "Stevic, Hrvoje"]
[Result "1/2-1/2"]
[WhiteElo "2532"]
[BlackElo "2637"]
[EventDate "2013.05.05"]
[PlyCount "110"]

1.c4 e5 2.Nc3 d6 3.g3 f5 4.Bg2 Nf6 5.d3 Be7 6.Bg5 c6 7.e3 Nbd7 8.Nge2 h6 
9.Bxf6 Nxf6 10.O-O O-O 11.b4 Be6 12.b5 cxb5 13.Nxb5 d5 14.Qa4 dxc4 15.dxc4
Qd3 16.Nc7 Qxc4 17.Qb3 Qxc7 18.Qxe6+ Kh8 19.Rac1 Bc5 20.Qxf5 Rad8 21.Nf4 
exf4 22.Rxc5 Qd6 23.Qe5 Qxe5 24.Rxe5 fxe3 25.Rxe3 Rf7 26.Bf3 Kg8 27.Kg2 
Kf8 28.h4 b6 29.Rfe1 Rc7 30.g4 Nd5 31.Re4 Re7 32.Rxe7 Nxe7 33.Re3 Rd2 34.
Ra3 a5 35.Kg3 Kf7 36.Be4 Nd5 37.g5 hxg5 38.hxg5 Ne7 39.f3 g6 40.Kf4 Ke6 
41.Rb3 Rd6 42.a3 Nd5+ 43.Kg4 Ne7 44.f4 Kf7 45.Rc3 Rd4 46.Kf3 Ra4 47.Rb3 b5
48.Rxb5 Rxa3+ 49.Kg4 Re3 50.Bc2 Rc3 51.Bb3+ Kf8 52.Be6 Re3 53.Rb6 a4 54.
Ra6 a3 55.Ba2 Kg7 1/2-1/2

[Event "14th EUR-ch"]
[Site "Legnica POL"]
[Date "2013.05.06"]
[Round "2"]
[White "Jaracz, Pawel"]
[Black "l`Ami, Erwin"]
[Result "1/2-1/2"]
[WhiteElo "2527"]
[BlackElo "2634"]
[EventDate "2013.05.05"]
[PlyCount "139"]

1.e4 e6 2.d4 d5 3.Nd2 Nf6 4.e5 Nfd7 5.c3 c5 6.Bd3 Nc6 7.Ne2 cxd4 8.cxd4 f6
9.exf6 Nxf6 10.O-O Bd6 11.Nf3 O-O 12.Bf4 Bxf4 13.Nxf4 Ne4 14.Qc1 Ng5 15.
Nxg5 Qxg5 16.Ne2 Qxc1 17.Raxc1 a6 18.Bc2 Bd7 19.Ba4 b5 20.Bc2 Rac8 21.f3 
Kf7 22.Rfd1 h6 23.h4 Ke7 24.Kf2 Kd6 25.Bb1 b4 26.Rc2 Na5 27.Rxc8 Rxc8 28.
Rc1 Rb8 29.b3 Bb5 30.Nf4 Nc6 31.Rd1 a5 32.g4 a4 33.g5 axb3 34.axb3 hxg5 
35.hxg5 Na5 36.Re1 Bd7 37.Re3 Nc6 38.Rd3 Rh8 39.Rd1 Na5 40.Bc2 Rh2+ 41.Ng2
Rh5 42.f4 Rh3 43.Ne3 Nc6 44.Rd3 Rh1 45.Bd1 Ne7 46.Kg2 Rh8 47.Nc2 Ng6 48.
Kg3 Rh3+ 49.Kxh3 Nxf4+ 50.Kg3 Nxd3 51.Kf3 Be8 52.Ke3 Bg6 53.Kd2 Nf2 54.
Nxb4 Ne4+ 55.Ke3 Nxg5 56.Na6 e5 57.b4 Ne6 58.dxe5+ Kxe5 59.b5 d4+ 60.Kd2 
Kd6 61.Bc2 Bxc2 62.Kxc2 g5 63.Kd3 g4 64.b6 Kc6 65.Nc7 Nxc7 66.bxc7 Kxc7 
67.Kxd4 g3 68.Ke3 g2 69.Kf2 g1=Q+ 70.Kxg1 1/2-1/2

[Event "14th EUR-ch"]
[Site "Legnica POL"]
[Date "2013.05.06"]
[Round "2"]
[White "Tkachiev, Vladislav"]
[Black "Sebenik, Matej"]
[Result "1-0"]
[WhiteElo "2632"]
[BlackElo "2527"]
[EventDate "2013.05.05"]
[PlyCount "115"]

1.d4 d5 2.Nf3 Nf6 3.c4 c6 4.e3 a6 5.Bd2 e6 6.Qc2 Nbd7 7.Nc3 Bd6 8.e4 dxe4 
9.Nxe4 Nxe4 10.Qxe4 Nf6 11.Qh4 c5 12.O-O-O cxd4 13.Qxd4 Be7 14.Qf4 Bd7 15.
Bc3 Qb6 16.Ne5 Bc6 17.Bd3 Bb4 18.Bd4 Bc5 19.Bc2 Bxd4 20.Rxd4 O-O 21.Rhd1 
Rfd8 22.g4 Rxd4 23.Rxd4 Qc7 24.g5 Nh5 25.Qe3 g6 26.h4 Rd8 27.Qd2 Rxd4 28.
Qxd4 h6 29.gxh6 Kh7 30.Qc5 b6 31.Qe3 Be8 32.Qg5 f5 33.Qe3 Qd6 34.Bd1 Nf6 
35.Nf3 f4 36.Qxe6 Qxe6 37.Ng5+ Kxh6 38.Nxe6 Bf7 39.Nxf4 Bxc4 40.b3 Bf1 41.
Kd2 Ne4+ 42.Ke1 Bb5 43.Nd5 Bc6 44.Ne7 Be8 45.Bc2 Nc3 46.a4 Kh5 47.Kd2 Na2 
48.Bb1 Nb4 49.Kc3 a5 50.Nc8 Kxh4 51.Nxb6 Kg4 52.Nc4 Kf3 53.Bxg6 Bxg6 54.
Ne5+ Kxf2 55.Nxg6 Ke3 56.Ne7 Ke4 57.Kc4 Nc2 58.Nc6 1-0

[Event "14th EUR-ch"]
[Site "Legnica POL"]
[Date "2013.05.06"]
[Round "2"]
[White "Petr, Martin"]
[Black "Hracek, Zbynek"]
[Result "1/2-1/2"]
[WhiteElo "2523"]
[BlackElo "2628"]
[EventDate "2013.05.05"]
[PlyCount "81"]

1.e4 e5 2.Nf3 Nc6 3.d4 exd4 4.Nxd4 Nf6 5.Nxc6 bxc6 6.e5 Qe7 7.Qe2 Nd5 8.c4
Ba6 9.Nd2 g6 10.Ne4 O-O-O 11.Qc2 Qxe5 12.cxd5 Bxf1 13.Kxf1 Re8 14.dxc6 
Qxe4 15.cxd7+ Kxd7 16.Qxe4 Rxe4 17.Be3 Bd6 18.Ke2 Rb8 19.b3 a5 20.Rhd1 a4 
21.Rab1 axb3 22.axb3 Ke6 23.Kf3 Reb4 24.Rd3 R4b5 25.h3 h5 26.g4 hxg4+ 27.
hxg4 Rh8 28.Bf4 Bxf4 29.Kxf4 g5+ 30.Kg3 Rhb8 31.Re1+ Re5 32.Rxe5+ Kxe5 33.
Rc3 Rb5 34.Rxc7 Rxb3+ 35.f3 Kf6 36.Rc6+ Kg7 37.Rc5 Kg6 38.Rc6+ Kg7 39.Rc5 
Kg6 40.Rc6+ Kg7 41.Rc5 1/2-1/2

[Event "14th EUR-ch"]
[Site "Legnica POL"]
[Date "2013.05.06"]
[Round "2"]
[White "Dragun, Kamil"]
[Black "Saric, Ivan"]
[Result "0-1"]
[WhiteElo "2520"]
[BlackElo "2622"]
[EventDate "2013.05.05"]
[PlyCount "142"]

1.e4 e5 2.Nf3 Nc6 3.Bb5 a6 4.Bxc6 dxc6 5.O-O Be6 6.c3 Qd3 7.Re1 f6 8.Re3 
Qd7 9.d4 O-O-O 10.Rd3 g5 11.Be3 g4 12.Ne1 Bd6 13.Nd2 Qf7 14.Nb3 Ne7 15.
dxe5 fxe5 16.Nc5 Bxc5 17.Bxc5 Ng6 18.Be3 h5 19.Qa4 Bc4 20.Rxd8+ Rxd8 21.b3
Be6 22.Qa5 Qe7 23.c4 Kb8 24.a4 Bc8 25.Bc5 Qd7 26.Be3 Qd6 27.Rb1 Nf4 28.Qc5
Qxc5 29.Bxc5 Ne2+ 30.Kf1 Nc3 31.Rb2 Nxe4 32.Be3 Be6 33.a5 Kc8 34.Rc2 Rd1 
35.f3 gxf3 36.gxf3 Nd6 37.Rc1 Rxc1 38.Bxc1 b6 39.Bd2 c5 40.Kf2 Bf5 41.Bc3 
Bb1 42.Kg3 Nf5+ 43.Kf2 e4 44.b4 cxb4 45.Bxb4 Kd7 46.Ng2 exf3 47.Nf4 Nd6 
48.Nxh5 Nxc4 49.Nf6+ Kc6 50.Kxf3 Nxa5 51.h4 Nc4 52.h5 a5 53.Bf8 Ne5+ 54.
Ke3 Nd7 55.Bg7 Nxf6 56.Bxf6 Kb5 57.Kd2 c5 58.Bd8 Kc6 59.h6 a4 60.Kc1 Bh7 
61.Kb2 b5 62.Ka3 Kd5 63.Bf6 Kc4 64.Bg7 Bg8 65.Bf8 Kd5 66.Be7 Bh7 67.Bf8 
Kc6 68.Be7 Kb6 69.Bd8+ Ka6 70.Bf6 b4+ 71.Kb2 Kb5 0-1

[Event "14th EUR-ch"]
[Site "Legnica POL"]
[Date "2013.05.06"]
[Round "2"]
[White "Popov, Ivan"]
[Black "Blubaum, Matthias"]
[Result "1/2-1/2"]
[WhiteElo "2620"]
[BlackElo "2511"]
[EventDate "2013.05.05"]
[PlyCount "81"]

1.e4 e6 2.d4 d5 3.Nc3 Nf6 4.e5 Nfd7 5.f4 c5 6.Nf3 Be7 7.Be3 O-O 8.Qd2 b6 
9.Nd1 Ba6 10.Bxa6 Nxa6 11.O-O Rc8 12.c3 Nab8 13.Bf2 Nc6 14.Ne3 b5 15.f5 b4
16.Ng4 bxc3 17.bxc3 exf5 18.Ne3 cxd4 19.cxd4 Bg5 20.Nxg5 Qxg5 21.Bg3 Ne7 
22.Qd3 Qg6 23.Bh4 f4 24.Qxg6 Nxg6 25.Nxd5 f3 26.gxf3 Nxh4 27.Ne7+ Kh8 28.
Nxc8 Rxc8 29.Rac1 Rd8 30.Rc7 g6 31.Kf2 Nf5 32.Rfc1 Nb6 33.Rxf7 Rxd4 34.
Rxa7 Nc4 35.e6 Rd2+ 36.Ke1 Nd4 37.Rc3 Re2+ 38.Kd1 Rd2+ 39.Ke1 Re2+ 40.Kd1 
Rd2+ 41.Ke1 1/2-1/2

[Event "14th EUR-ch"]
[Site "Legnica POL"]
[Date "2013.05.06"]
[Round "2"]
[White "Roiz, Michael"]
[Black "Gallagher, Joseph"]
[Result "1-0"]
[WhiteElo "2617"]
[BlackElo "2507"]
[EventDate "2013.05.05"]
[PlyCount "73"]

1.d4 Nf6 2.c4 g6 3.Nc3 Bg7 4.e4 d6 5.Be2 O-O 6.Bg5 Na6 7.Nf3 h6 8.Be3 Ng4 
9.Bc1 e5 10.O-O c6 11.d5 f5 12.g3 cxd5 13.cxd5 fxe4 14.Nh4 Nf6 15.Nxg6 Rf7
16.Be3 Qd7 17.Re1 Nb4 18.Nh4 b6 19.a3 Nd3 20.Bxd3 exd3 21.Qxd3 Qh3 22.f3 
e4 23.Nxe4 Nxe4 24.Qxe4 Bf5 25.Nxf5 Qxf5 26.Bf4 Bxb2 27.Ra2 Bc3 28.Rd1 Bg7
29.Qxf5 Rxf5 30.Kg2 Rc8 31.Bxd6 Rd8 32.g4 Rg5 33.h4 Rg6 34.Be7 Rd7 35.h5 
Re6 36.dxe6 Rxd1 37.Re2 1-0

[Event "14th EUR-ch"]
[Site "Legnica POL"]
[Date "2013.05.06"]
[Round "2"]
[White "Godena, Michele"]
[Black "Grigorian, Avetik"]
[Result "0-1"]
[WhiteElo "2511"]
[BlackElo "2616"]
[EventDate "2013.05.05"]
[PlyCount "80"]

1.e4 e5 2.Nf3 Nc6 3.Bc4 Bc5 4.d3 Nf6 5.Nc3 d6 6.Bg5 h6 7.Bxf6 Qxf6 8.Nd5 
Qd8 9.c3 a6 10.d4 exd4 11.cxd4 Ba7 12.h3 O-O 13.O-O Ne7 14.Qd3 Nxd5 15.
Bxd5 Rb8 16.Rfe1 Be6 17.Bxe6 fxe6 18.Rac1 Qe7 19.Rc2 Bb6 20.Rec1 Rf7 21.e5
d5 22.Nd2 Rbf8 23.Nb3 Rf4 24.Rd1 Qf7 25.f3 Qh5 26.Rf2 Qh4 27.Qe3 R8f5 28.
Kf1 a5 29.a4 h5 30.Rdd2 c6 31.Kg1 Qg3 32.Kf1 Qh2 33.Rd1 Rxd4 34.Nxd4 Rxe5 
35.Qxe5 Qxe5 36.Re2 Qh2 37.Rxe6 Qh1+ 38.Ke2 Qxg2+ 39.Kd3 Qxb2 40.Nc2 d4 
0-1

[Event "14th EUR-ch"]
[Site "Legnica POL"]
[Date "2013.05.06"]
[Round "2"]
[White "Rakhmanov, Aleksandr"]
[Black "Kjartansson, Gudmundur"]
[Result "1-0"]
[WhiteElo "2616"]
[BlackElo "2446"]
[EventDate "2013.05.05"]
[PlyCount "59"]

1.d4 d5 2.Nf3 Nf6 3.e3 c6 4.Bd3 Bg4 5.c4 g6 6.Nc3 Bg7 7.h3 Bxf3 8.Qxf3 O-O
9.O-O dxc4 10.Bxc4 Nbd7 11.Rd1 Ne8 12.Bb3 Nd6 13.e4 e6 14.Bf4 e5 15.dxe5 
Nxe5 16.Qg3 Re8 17.Bg5 Qb8 18.f4 Nec4 19.e5 Nf5 20.Qf2 b5 21.Ne4 Qb6 22.
Rd7 h6 23.Bf6 Bf8 24.Rc1 Nfe3 25.Kh1 Rab8 26.Re1 Nf5 27.Qxb6 axb6 28.g4 
Ng7 29.f5 Bb4 30.fxg6 1-0

[Event "14th EUR-ch"]
[Site "Legnica POL"]
[Date "2013.05.06"]
[Round "2"]
[White "Ardelean, George-Catalin"]
[Black "Khalifman, Alexander"]
[Result "0-1"]
[WhiteElo "2510"]
[BlackElo "2614"]
[EventDate "2013.05.05"]
[PlyCount "104"]

1.e4 e6 2.d4 d5 3.Nc3 Bb4 4.e5 c5 5.Bd2 Ne7 6.Nce2 Bxd2+ 7.Qxd2 Nbc6 8.f4 
Qb6 9.O-O-O c4 10.g4 Qa6 11.Kb1 b5 12.Ng3 Qb6 13.Nh5 Rg8 14.Nf3 b4 15.Rg1 
Ba6 16.f5 c3 17.Qg5 O-O-O 18.Nxg7 cxb2 19.Qf6 Bc4 20.fxe6 Bxa2+ 21.Kxb2 
Qa5 22.Rd3 fxe6 23.Nxe6 Bc4 24.Nxd8 Rxd8 25.Nd2 Qa2+ 26.Kc1 Qa1+ 27.Nb1 
Ba2 28.Kd2 Bxb1 29.Be2 Qb2 30.Rc1 Ba2 31.e6 Bc4 32.Re3 Bxe2 33.Rxe2 a5 34.
Kd1 Qxd4+ 35.Qxd4 Nxd4 36.Rf2 Nxe6 37.Rf7 Nc6 38.Rxh7 Rf8 39.Kd2 a4 40.h4 
a3 41.g5 Ne5 42.Rd1 Rf2+ 43.Kc1 b3 44.cxb3 Nc6 45.Rxd5 a2 46.Rh8+ Kb7 47.
Rd7+ Nc7 48.Rxc7+ Kxc7 49.Ra8 Nd4 50.g6 Nxb3+ 51.Kd1 Na1 52.h5 Rg2 0-1

[Event "14th EUR-ch"]
[Site "Legnica POL"]
[Date "2013.05.06"]
[Round "2"]
[White "Pacher, Milan"]
[Black "Volkov, Sergei"]
[Result "0-1"]
[WhiteElo "2470"]
[BlackElo "2610"]
[EventDate "2013.05.05"]
[PlyCount "66"]

1.d4 d5 2.c4 c6 3.Nf3 Nf6 4.Nc3 a6 5.e3 b5 6.b3 Bg4 7.h3 Bxf3 8.Qxf3 g6 9.
Bd3 Bg7 10.O-O O-O 11.Rd1 e6 12.e4 dxc4 13.bxc4 Qxd4 14.Bf1 Qc5 15.Be3 Qe7
16.Bg5 h6 17.Bh4 e5 18.Rd2 Rd8 19.Rad1 Rxd2 20.Rxd2 Ra7 21.Qe3 Rb7 22.cxb5
axb5 23.a4 bxa4 24.Nxa4 Nbd7 25.Rc2 g5 26.Bg3 Rb4 27.Nc5 Nxc5 28.Rxc5 Rxe4
29.Qc1 Re1 30.Qc2 Ne4 31.Rxc6 Qb4 32.Rc8+ Bf8 33.Qd3 Nd2 0-1

[Event "14th EUR-ch"]
[Site "Legnica POL"]
[Date "2013.05.06"]
[Round "2"]
[White "Arngrimsson, Dagur"]
[Black "Hovhannisian, Robert"]
[Result "1/2-1/2"]
[WhiteElo "2390"]
[BlackElo "2607"]
[EventDate "2013.05.05"]
[PlyCount "140"]

1.d4 Nf6 2.c4 e6 3.g3 Bb4+ 4.Bd2 Qe7 5.Nf3 Bxd2+ 6.Qxd2 Nc6 7.Nc3 d5 8.Bg2
dxc4 9.O-O O-O 10.Ne5 Nxe5 11.dxe5 Nd7 12.Qd4 Qb4 13.a3 Qb6 14.e3 Qxd4 15.
exd4 c5 16.f4 cxd4 17.Nb5 d3 18.Rac1 Nb6 19.Nd6 Bd7 20.Bxb7 Rad8 21.Ba6 
Ba4 22.Rf2 Bb3 23.Rd2 f6 24.Re1 fxe5 25.fxe5 Rd7 26.Re4 Rc7 27.Nb5 Rcf7 
28.Re1 Rd7 29.Nd6 Rc7 30.Nb5 Rc5 31.Nd4 Nd7 32.Nxb3 cxb3 33.Bxd3 Rd5 34.
Ree2 Nxe5 35.Be4 Rxd2 36.Rxd2 Nc4 37.Re2 Rd8 38.Bc6 Kf7 39.Bb5 Rd1+ 40.Kf2
Rc1 41.Bd7 Nxb2 42.Bxe6+ Kf8 43.Bxb3 Nd3+ 44.Kg2 Rc3 45.Bd5 Rxa3 46.Be4 g6
47.Bxd3 Rxd3 48.Ra2 Rd7 49.Kf3 Ke7 50.Kf4 Kd6 51.Kg5 Kc5 52.Kh6 Kb4 53.
Rb2+ Kc4 54.Ra2 Kd5 55.g4 Ke5 56.h4 Kf4 57.Ra4+ Kg3 58.h5 gxh5 59.Kxh5 Kf3
60.g5 Ke3 61.Kh6 Kd3 62.Ra3+ Kc2 63.Ra2+ Kc3 64.Ra1 Kb2 65.Ra5 Kc3 66.Ra1 
Re7 67.Rc1+ Kb4 68.Rc8 a5 69.Rh8 a4 70.Rxh7 Rxh7+ 1/2-1/2

[Event "14th EUR-ch"]
[Site "Legnica POL"]
[Date "2013.05.06"]
[Round "2"]
[White "Pashikian, Arman"]
[Black "Stanciu, Alexandru-Ovidiu"]
[Result "1-0"]
[WhiteElo "2603"]
[BlackElo "2335"]
[EventDate "2013.05.05"]
[PlyCount "57"]

1.d4 Nf6 2.c4 g6 3.g3 c5 4.Nf3 Bg7 5.Nc3 O-O 6.Bg2 d6 7.O-O Nc6 8.dxc5 
dxc5 9.Bf4 Nd7 10.Qc1 Re8 11.Bh6 Bh8 12.Rd1 Nd4 13.Nxd4 cxd4 14.Nb5 Qb6 
15.e3 a6 16.Nxd4 Nc5 17.Qd2 e5 18.b4 exd4 19.bxc5 Qxc5 20.exd4 Qxc4 21.
Rac1 Qa4 22.Rc7 Bd7 23.Bxb7 Rad8 24.Bg5 Rb8 25.Rdc1 Bf5 26.Bd5 Be6 27.Bxe6
Rxe6 28.d5 Ree8 29.d6 1-0

[Event "14th EUR-ch"]
[Site "Legnica POL"]
[Date "2013.05.06"]
[Round "2"]
[White "Kreisl, Robert"]
[Black "Solak, Dragan"]
[Result "1-0"]
[WhiteElo "2380"]
[BlackElo "2602"]
[EventDate "2013.05.05"]
[PlyCount "65"]

1.d4 Nf6 2.c4 g6 3.Nc3 Bg7 4.e4 d6 5.Nf3 O-O 6.Be2 e5 7.O-O Nbd7 8.Be3 Re8
9.d5 Ng4 10.Bg5 f6 11.Bh4 Nh6 12.Nd2 Nf7 13.b4 Bh6 14.Nb3 Bf4 15.c5 h5 16.
c6 bxc6 17.Na5 Nb6 18.Nxc6 Qd7 19.a4 Bb7 20.a5 Bxc6 21.axb6 Bb7 22.Bb5 c6 
23.dxc6 Bxc6 24.Nd5 Re6 25.Rxa7 Bxb5 26.Rxa8+ Kg7 27.Bxf6+ Rxf6 28.Rg8+ 
Kh6 29.Nxf6 Qe6 30.b7 Qxf6 31.b8=Q Ng5 32.Rh8+ Kg7 33.Qg8# 1-0

[Event "14th EUR-ch"]
[Site "Legnica POL"]
[Date "2013.05.06"]
[Round "2"]
[White "Macieja, Bartlomiej"]
[Black "Cherednichenko, Svetlana"]
[Result "1/2-1/2"]
[WhiteElo "2600"]
[BlackElo "2274"]
[EventDate "2013.05.05"]
[PlyCount "69"]

1.Nf3 Nf6 2.d4 g6 3.c4 Bg7 4.Nc3 O-O 5.e4 d6 6.Be2 e5 7.Be3 Ng4 8.Bg5 f6 
9.Bh4 g5 10.Bg3 Nh6 11.c5 g4 12.Nh4 Nc6 13.dxe5 dxe5 14.Bc4+ Kh8 15.a3 Nd4
16.O-O f5 17.exf5 Nhxf5 18.Nxf5 Bxf5 19.Rc1 Qg5 20.Ne2 Rad8 21.Qe1 Be4 22.
Nxd4 Rxd4 23.Qe3 Qxe3 24.fxe3 Rxf1+ 25.Bxf1 Rd2 26.b4 Bf6 27.Rc4 Bd5 28.
Rxg4 Be6 29.Re4 Bd5 30.Rg4 Be6 31.Re4 Bd5 32.Rg4 Be6 33.Re4 Bd5 34.Rg4 Be6
35.Re4 1/2-1/2

[Event "14th EUR-ch"]
[Site "Legnica POL"]
[Date "2013.05.06"]
[Round "2"]
[White "Nasuta, Grzegorz"]
[Black "Durarbayli, Vasif"]
[Result "1/2-1/2"]
[WhiteElo "2299"]
[BlackElo "2597"]
[EventDate "2013.05.05"]
[PlyCount "80"]

1.e4 e5 2.Nf3 Nc6 3.Bb5 a6 4.Ba4 Nf6 5.O-O Be7 6.Re1 b5 7.Bb3 d6 8.c3 O-O 
9.h3 Na5 10.Bc2 c5 11.d4 Qc7 12.Nbd2 cxd4 13.cxd4 Nc6 14.Nb3 a5 15.Be3 a4 
16.Nbd2 Bd7 17.Rc1 Qb7 18.Bb1 Bd8 19.Nf1 Re8 20.Ng3 h6 21.Nh4 exd4 22.Bxd4
Nxd4 23.Qxd4 Re6 24.Nhf5 Bb6 25.Qd3 Qa7 26.Re2 Bc5 27.a3 Qb6 28.Qf3 Rae8 
29.Rce1 Qd8 30.Qf4 Re5 31.Kh2 d5 32.exd5 Rxe2 33.Rxe2 Rxe2 34.Nxe2 Nxd5 
35.Nxh6+ gxh6 36.Qxh6 Qf6 37.Bh7+ Kh8 38.Bg6+ Kg8 39.Bh7+ Kh8 40.Bg6+ Kg8 
1/2-1/2

[Event "14th EUR-ch"]
[Site "Legnica POL"]
[Date "2013.05.06"]
[Round "2"]
[White "Kravtsiv, Martyn"]
[Black "Lewtak, Damian"]
[Result "1/2-1/2"]
[WhiteElo "2595"]
[BlackElo "2224"]
[EventDate "2013.05.05"]
[PlyCount "140"]

1.e4 e6 2.d4 d5 3.Nc3 Bb4 4.e5 Ne7 5.a3 Bxc3+ 6.bxc3 c5 7.Nf3 Qc7 8.a4 Nd7
9.Bb5 a6 10.Bd3 c4 11.Be2 a5 12.Ba3 Nb6 13.Qd2 h6 14.h4 Bd7 15.h5 Nxa4 16.
O-O b5 17.Nh4 Nf5 18.Nf3 Ne7 19.Nh4 Nf5 20.Nf3 Ne7 21.g4 Qd8 22.Rab1 g6 
23.hxg6 Nxg6 24.Kg2 Nxc3 25.Qxc3 Nf4+ 26.Kh2 Qg5 27.Ng1 b4 28.Qg3 bxa3 29.
Bd1 h5 30.gxh5 Qxg3+ 31.fxg3 Nxh5 32.Kg2 Ke7 33.Ra1 Ng7 34.g4 Ne8 35.Ne2 
Nc7 36.Nc3 Rhb8 37.Rxa3 Nb5 38.Nxb5 Rxb5 39.Rh1 Rb1 40.Kf2 a4 41.Ke1 Rg8 
42.Rh4 Rbb8 43.Kd2 Rh8 44.Rxh8 Rxh8 45.g5 Rh2+ 46.Kc1 Rg2 47.c3 Rxg5 48.
Bxa4 Bxa4 49.Rxa4 Rg2 50.Ra8 Rh2 51.Kb1 Rh6 52.Kb2 f5 53.exf6+ Kxf6 54.
Rf8+ Kg5 55.Ka3 Rf6 56.Rh8 Rf7 57.Kb4 Rf3 58.Rg8+ Kf5 59.Rf8+ Ke4 60.Re8 
Rf6 61.Rh8 Rf2 62.Re8 Kd3 63.Rxe6 Rb2+ 64.Kc5 Kxc3 65.Kxd5 Rd2 66.Kc5 Rxd4
67.Re3+ Rd3 68.Re4 Kb3 69.Rxc4 Rc3 70.Rxc3+ Kxc3 1/2-1/2

[Event "14th EUR-ch"]
[Site "Legnica POL"]
[Date "2013.05.06"]
[Round "2"]
[White "Szumilas, Piotr"]
[Black "Nyback, Tomi"]
[Result "0-1"]
[WhiteElo "2198"]
[BlackElo "2593"]
[EventDate "2013.05.05"]
[PlyCount "86"]

1.e4 e5 2.Nf3 Nc6 3.Nc3 Nf6 4.Bb5 Bd6 5.d3 a6 6.Ba4 h6 7.h3 O-O 8.Ne2 Re8 
9.Be3 b5 10.Bb3 Na5 11.g4 Bf8 12.g5 hxg5 13.Bxg5 Nxb3 14.axb3 d5 15.Ng3 
dxe4 16.dxe4 Qxd1+ 17.Rxd1 Nd7 18.Nh4 Nc5 19.f3 Ne6 20.Be3 c5 21.c3 Nf4 
22.Bxf4 exf4 23.Ne2 Be6 24.Nxf4 Bxb3 25.Rd2 Rad8 26.Nf5 Rxd2 27.Kxd2 Rd8+ 
28.Ke3 g6 29.Nh4 Bh6 30.Ng2 Bc4 31.Ra1 Rd3+ 32.Kf2 Rd2+ 33.Kg3 Rxb2 34.
Rxa6 Bg7 35.Ne3 Bxc3 36.Nxc4 bxc4 37.Nd5 Bd4 38.f4 c3 39.e5 g5 40.Nf6+ Kg7
41.Kg4 gxf4 42.Kf5 Re2 43.Nh5+ Kf8 0-1